<?xml version="1.0" encoding="UTF-8"?>
<record
    xmlns:xsi="http://www.w3.org/2001/XMLSchema-instance"
    xsi:schemaLocation="http://www.loc.gov/MARC21/slim http://www.loc.gov/standards/marcxml/schema/MARC21slim.xsd"
    xmlns="http://www.loc.gov/MARC21/slim">

  <leader>00370nam a2200145Ia 4500</leader>
  <controlfield tag="008">221030s9999    xx            000 0 und d</controlfield>
  <datafield tag="020" ind1=" " ind2=" ">
    <subfield code="a">8177585513</subfield>
  </datafield>
  <datafield tag="041" ind1=" " ind2=" ">
    <subfield code="a">English</subfield>
  </datafield>
  <datafield tag="100" ind1=" " ind2=" ">
    <subfield code="a">J. B. Peatman</subfield>
  </datafield>
  <datafield tag="245" ind1=" " ind2="0">
    <subfield code="a">Design With PIC Microcontrollers</subfield>
    <subfield code="c">by J. B. Peatman</subfield>
  </datafield>
  <datafield tag="260" ind1=" " ind2=" ">
    <subfield code="b">Pearson Education</subfield>
    <subfield code="a">Noida</subfield>
    <subfield code="c">2017</subfield>
  </datafield>
  <datafield tag="300" ind1=" " ind2=" ">
    <subfield code="a">274</subfield>
  </datafield>
  <datafield tag="650" ind1=" " ind2=" ">
    <subfield code="a">BE Computer</subfield>
  </datafield>
  <datafield tag="942" ind1=" " ind2=" ">
    <subfield code="c">BK</subfield>
  </datafield>
  <datafield tag="999" ind1=" " ind2=" ">
    <subfield code="c">18329</subfield>
    <subfield code="d">18329</subfield>
  </datafield>
  <datafield tag="952" ind1=" " ind2=" ">
    <subfield code="p">BE 16094</subfield>
    <subfield code="g">729.00</subfield>
    <subfield code="i">63</subfield>
    <subfield code="l">0</subfield>
    <subfield code="e">RKB</subfield>
    <subfield code="r">2024-06-13 00:00:00</subfield>
    <subfield code="w">2022-10-30</subfield>
    <subfield code="y">BK</subfield>
    <subfield code="0">0</subfield>
    <subfield code="3">Print</subfield>
    <subfield code="4">0</subfield>
    <subfield code="7">0</subfield>
    <subfield code="a">MIETLIB</subfield>
    <subfield code="b">MIETLIB</subfield>
    <subfield code="c">BL-Academic Block B, FL-2, CUP-128, SH-5, R-5</subfield>
    <subfield code="d">2019-09-06</subfield>
    <subfield code="1">0</subfield>
    <subfield code="H">BE</subfield>
  </datafield>
  <datafield tag="952" ind1=" " ind2=" ">
    <subfield code="p">BE 16095</subfield>
    <subfield code="g">729.00</subfield>
    <subfield code="i">63</subfield>
    <subfield code="l">0</subfield>
    <subfield code="e">RKB</subfield>
    <subfield code="r">2024-06-13 00:00:00</subfield>
    <subfield code="w">2022-10-30</subfield>
    <subfield code="y">BK</subfield>
    <subfield code="0">0</subfield>
    <subfield code="3">Print</subfield>
    <subfield code="4">0</subfield>
    <subfield code="7">0</subfield>
    <subfield code="a">MIETLIB</subfield>
    <subfield code="b">MIETLIB</subfield>
    <subfield code="c">BL-Academic Blcok B, FL-2, CUP-128, SH-5, R-5</subfield>
    <subfield code="d">2019-09-06</subfield>
    <subfield code="1">0</subfield>
    <subfield code="H">BE</subfield>
  </datafield>
  <datafield tag="952" ind1=" " ind2=" ">
    <subfield code="p">BE 16096</subfield>
    <subfield code="g">729.00</subfield>
    <subfield code="i">63</subfield>
    <subfield code="l">0</subfield>
    <subfield code="e">RKB</subfield>
    <subfield code="r">2024-06-13 00:00:00</subfield>
    <subfield code="w">2022-10-30</subfield>
    <subfield code="y">BK</subfield>
    <subfield code="0">0</subfield>
    <subfield code="3">Print</subfield>
    <subfield code="4">0</subfield>
    <subfield code="7">0</subfield>
    <subfield code="a">MIETLIB</subfield>
    <subfield code="b">MIETLIB</subfield>
    <subfield code="c">BL-Academic Block B, FL-2, CUP-128, SH-5, R-5</subfield>
    <subfield code="d">2019-09-06</subfield>
    <subfield code="1">0</subfield>
    <subfield code="H">BE</subfield>
  </datafield>
</record>
